000 00556cam a22002053a 4500
001 40896
003 PGUSA
005 20140828083921.0
008 120929s2012||||xxu|||||s|||||000 | eng d
040 _aPGUSA
_beng
042 _adc
100 1 _aBradley, Milton
245 1 0 _aElementary Color
_h[electronic resource] /
_cMilton Bradley
260 _bProject Gutenberg,
_c2012
506 _aPublic domain in the USA.
516 _aElectronic text
830 0 _aProject Gutenberg
_v40896
856 4 0 _uhttp://www.gutenberg.org/ebooks/40896
942 _cEB
999 _c270148
_d270148